000 00182nam a2200073Ia 4500
008 170817s9999 xx 000 0 und d
100 _aSHARMA
245 0 _aCREATIVING & RRLATED PADOSI
260 _bH.P. BHARGAVE AGRA
999 _c36281
_d36281